Quiz sur le Maine-et-Loire - Statistiques

Statistiques générales
  • Ce quiz a été pris 282 fois
  • Le résultat moyen est 14 sur 20
Statistiques - réponses
Question Réponse % Correct
Numéro du département 49
100%
Région Pays de la Loire
100%
Préfecture et plus grande ville Angers
94%
Loire-Atlantique
92%
Mayenne
91%
Sarthe
90%
Vendée
90%
Sous-préfectures Cholet
85%
Saumur
82%
Deux-Sèvres
78%
Indre-et-Loire
75%
Celui de Doué-la-Fontaine est situé dans d'anciennes carrières. Parc zoologique
69%
Départements limitrophes Ille-et-Vilaine
63%
Vienne
62%
Segré-en-Anjou-Bleu
60%
Parc à thème orienté vers l'univers végétal. Terra Botanica
53%
Oeuvre d'une centaine de mètres de long exposée dans le château de la préfecture. La Tenture de l'Apocalypse
49%
Gentilé Angevins
37%
Premier département horticole français, le Maine-et-Loire est ainsi le premier producteur de pommes, cassis, camomille mais également de ce célèbre champignon. Champignon de Paris
33%
Nombre d'habitants (arrondi à la dizaine de milliers d'habitants) 810 000 (813 493)
23%
Aucun quiz correspondant
Distribution des résultats
% des personnes avec chaque résultat
Percentile par nombre de réponses
Votre historique - résultats
Vous n’avez pas pris ce quiz